[Event "SCT Ladies Open"]
[Site "Stockholm SWE"]
[Date "2008.03.25"]
[Round "9"]
[White "Reizniece,D"]
[Black "Shumiakina,T"]
[Result "1/2-1/2"]
[WhiteElo "2309"]
[BlackElo "2352"]

1.c4 c6 2.e4 d5 3.exd5 cxd5 4.cxd5 Nf6 5.Bb5+ Nbd7 6.Nc3 a6 7.Qa4 g6 8.d4 Bg7
9.Bf4 O-O 10.Bxd7 Bxd7 11.Qb3 b5 12.Nf3 a5 13.a3 b4 14.axb4 axb4 15.Rxa8 Qxa8
16.Qxb4 Qa1+ 17.Nd1 Nxd5 18.Qd2 Nxf4 19.Qxf4 Ba4 20.O-O Bxd1 21.Qd2 Rb8 22.Rxd1 Qxb2
23.Qf4 Ra8 24.g3 Ra2 25.Ne5 Bxe5 26.dxe5 Ra1 27.Rxa1 Qxa1+ 28.Kg2 Kg7 29.h4 h5
30.Qg5 f6 31.exf6+ exf6 32.Qd5 Qa7 33.Qd6  1/2-1/2

[Event "Internatonal Open"]
[Site "Sydney AUS"]
[Date "2008.03.26"]
[Round "2"]
[White "Zhao Zong Yuan"]
[Black "Perena,C"]
[Result "1-0"]
[WhiteElo "2487"]
[BlackElo "2234"]

1.c4 c6 2.e4 d5 3.exd5 cxd5 4.cxd5 Qxd5 5.Nc3 Qa5 6.Nf3 Nf6 7.Bc4 e6 8.O-O Be7
9.d4 O-O 10.a3 Qc7 11.Qe2 a6 12.Bg5 Nc6 13.Rfd1 Bd7 14.d5 Nd8 15.Ne5 b5 16.Nxd7 Qxd7
17.dxe6 Qa7 18.Bxf6 Bxf6 19.Rd7 Qc5 20.Bd5 Nxe6 21.Ne4 Qd4 22.Bxe6 Qxb2 23.Qxb2 Bxb2
24.Ra2 Bxa3 25.Rxf7 b4 26.Rc7+ Kh8 27.Nd6 Rf6 28.Re2 h6 29.g3 a5 30.Bd5 Raf8
31.Nf7+ Kh7 32.Ree7 b3 33.Ng5+ Kg6 34.Rxg7+ Kf5 35.Nf3 Rd6 36.g4+ Kf6 37.Rcf7+ Rxf7
38.Rxf7+ Kg6 39.Ne5+ Kg5 40.Rf5+  1-0

[Event "ITT Cinco Soles"]
[Site "Pinamar ARG"]
[Date "2008.03.27"]
[Round "3"]
[White "Perdomo,C"]
[Black "Hobaica,J"]
[Result "0-1"]
[WhiteElo "2351"]
[BlackElo "2424"]

1.c4 c6 2.Nf3 d5 3.e3 Nf6 4.b3 Bg4 5.Bb2 Nbd7 6.h3 Bh5 7.d3 e6 8.Nbd2 Bd6
9.Be2 h6 10.Qc2 Qe7 11.a3 Bg6 12.O-O O-O 13.Qc3 e5 14.d4 exd4 15.Nxd4 c5
16.Nb5 Be5 17.Qc1 a6 18.Bxe5 Nxe5 19.Nc3 d4 20.Nd1 Rad8 21.exd4 cxd4 22.Nb2 d3
23.Bf3 Nxf3+ 24.Nxf3 Qe2 25.Qd2 Rfe8 26.Rfe1 Qxd2 27.Rxe8+ Rxe8 28.Nxd2 Re2
29.Rd1 Ne4 30.Nxe4 Rxb2 31.Nd2 Ra2 32.a4 Kf8 33.g4 h5 34.Kg2 Ke7 35.Kf3 Kd6
36.Ke3 Kc5 37.f4 hxg4 38.hxg4 f5 39.Rg1 Kb4 40.gxf5 Bxf5 41.Rxg7 Kc3 42.Nb1+ Kc2
43.Nd2 Ra1 44.Nf3 Kc3 45.Rxb7 Ra2 46.Nd4 d2 47.Ne2+ Kc2 48.Nd4+ Kb1 49.Ne2 Bg4
50.Nc3+ Kc2 51.Kd4 Ra1 52.Rg7 Rg1 53.f5 Rg3 54.f6 Rxc3  0-1

[Event "ITT Cinco Soles"]
[Site "Pinamar ARG"]
[Date "2008.03.28"]
[Round "4"]
[White "Perdomo,C"]
[Black "Andrade,Rob"]
[Result "1-0"]
[WhiteElo "2351"]
[BlackElo "2285"]

1.c4 c6 2.Nf3 d5 3.e3 Nf6 4.b3 g6 5.Bb2 Bg7 6.Be2 O-O 7.O-O Nbd7 8.d4 Ne4
9.Nc3 Nxc3 10.Bxc3 Nf6 11.Bb2 Bg4 12.h3 Bxf3 13.Bxf3 Qd6 14.Qc2 Rac8 15.Rfc1 Qe6
16.a4 h5 17.b4 a6 18.Ba3 b5 19.cxd5 cxd5 20.Qb3 Rc4 21.Be2 Rxd4 22.axb5 Rd2
23.Ra2 Rxa2 24.Qxa2 axb5 25.Bxb5 Ne4 26.Rc6 Qe5 27.Bd3 Ra8 28.b5 h4 29.Ra6 Rb8
30.Bb4 Nc3 31.Bxc3 Qxc3 32.Qxd5 e6 33.Qc4 Qb2 34.Qxh4 Qc1+ 35.Bf1 Qb1 36.Qc4 Bf6
37.Qf4 Rxb5 38.Qxf6 Rb8 39.Ra7 Rf8 40.Ra4  1-0

[Event "Internatonal Open"]
[Site "Sydney AUS"]
[Date "2008.03.28"]
[Round "7"]
[White "Chow,S"]
[Black "Metz,Ha"]
[Result "1/2-1/2"]
[WhiteElo "2240"]
[BlackElo "2335"]

1.c4 c6 2.e4 d5 3.exd5 cxd5 4.d4 Nf6 5.Nc3 Nc6 6.Nf3 Bg4 7.cxd5 Nxd5 8.Qb3 Bxf3
9.gxf3 Nb6 10.d5 Nd4 11.Bb5+ Nd7 12.Qa4 Nxb5 13.Qxb5 g6 14.O-O Bg7 15.Re1 O-O
16.Bg5 f6 17.Bf4 g5 18.d6 e6 19.Bg3 e5 20.Nd5 Nb6 21.Ne7+ Kh8 22.Rad1 Qd7
23.Qd3 Rfd8 24.h4 gxh4 25.Bxh4 Qh3 26.Bg3 Nd7 27.b4 Bh6 28.Qf5 Qxf5 29.Nxf5 Bg5
30.Kg2 Rac8 31.Rh1 Rc4 32.Rh5 Kg8 33.Rdh1 h6 34.Nxh6+ Bxh6 35.Rxh6 Kf7 36.f4 exf4
37.R6h4 Rxb4 38.Rxf4 Rxf4 39.Bxf4 Ke6 40.Rh7 b5 41.Kf3 Kd5 42.Ke3 a5 43.Rh5+ Kc6
44.Kd4 Rg8 45.Rh1 Ne5 46.Bxe5 fxe5+ 47.Kxe5 Re8+ 48.Kd4 Re2 49.d7 Kxd7 50.Rh7+ Ke6
51.Rh6+ Kf7 52.Rh5 Rxf2 53.Rxb5 Rxa2 54.Rb6 Ke7 55.Ra6 Kd7 56.Kc5 Kc7 57.Kb5 a4
58.Rxa4 Rxa4 59.Kxa4  1/2-1/2

[Event "FKB ch-USA Qualifier"]
[Site "Tulsa USA"]
[Date "2008.03.28"]
[Round "2"]
[White "Haskel,J"]
[Black "Itkis,H"]
[Result "0-1"]
[WhiteElo "2105"]
[BlackElo "2065"]

1.c4 c6 2.Nc3 Nf6 3.e4 e5 4.Nge2 d5 5.exd5 cxd5 6.Nxd5 Nxd5 7.cxd5 Qxd5 8.Nc3 Qe6
9.b3 Bc5 10.Bc4 Qf5 11.O-O O-O 12.a3 Nc6 13.b4 Bd4 14.Qe2 Be6 15.Bd3 Qf4
16.Be4 f5 17.Bd5 Qh6 18.d3 Qg6 19.Bb2 Rad8 20.Bc4 Bxc4 21.dxc4 f4 22.Kh1 f3
23.gxf3 Qh5 24.Rg1 Qxf3+ 25.Qxf3 Rxf3 26.Rg3 Rxf2 27.Rb1 Rdf8 28.Na4 Rf1+  0-1

[Event "KNSB TCh-NED 2007-8"]
[Site "Netherlands NED"]
[Date "2008.03.29"]
[Round "8"]
[White "Compagnie,L"]
[Black "De Jong,JW"]
[Result "0-1"]
[WhiteElo "2228"]
[BlackElo "2458"]

1.c4 c6 2.Nf3 d5 3.d4 Nf6 4.e3 g6 5.Bd3 Bg7 6.O-O O-O 7.Nc3 Bg4 8.h3 Bxf3
9.Qxf3 dxc4 10.Bxc4 Nbd7 11.Bb3 e5 12.Rd1 Qe7 13.dxe5 Nxe5 14.Qe2 Ned7 15.Bd2 a5
16.e4 Nc5 17.Bc2 Rfe8 18.Re1 Ne6 19.Be3 Nh5 20.Rad1 b5 21.Rd2 a4 22.a3 Bxc3
23.bxc3 Qxa3 24.f4 Nhxf4 25.Qf2 Nh5 26.Rd7 Qf8 27.Qh4 Qg7 28.Rf1 Rf8 29.g4 Nhf4
30.Bd2 g5 31.Qe1 Rad8 32.Rxd8 Rxd8 33.Rf3 Qe5 34.Qf2 a3 35.Bb3 Qxe4 36.Bxe6 Nxe6  0-1

[Event "FKB ch-USA Qualifier"]
[Site "Tulsa USA"]
[Date "2008.03.29"]
[Round "4"]
[White "Pupols,V"]
[Black "Itkis,H"]
[Result "1/2-1/2"]
[WhiteElo "2228"]
[BlackElo "2065"]

1.c4 c6 2.Nf3 d5 3.e3 Nf6 4.d4 a6 5.Bd3 b5 6.b3 Bg4 7.Nbd2 e6 8.O-O Nbd7
9.h3 Bh5 10.Bb2 Bg6 11.Bxg6 hxg6 12.Qc2 Rc8 13.c5 a5 14.Rad1 Be7 15.a3 Qc7
16.b4 a4 17.Ne5 Qd8 18.f3 Bf8 19.e4 Qe7 20.Rfe1 Kd8 21.Nxc6+ Rxc6 22.Qd3 Nb8
23.Qxb5 Qa7 24.Qd3 Rc8 25.Nf1 Qb7 26.Bc3 Rh4 27.e5 Nfd7 28.Re2 Nc6 29.Kh2 Na7
30.Be1 Rh8 31.Rb1 Qb5 32.Qd1 Nb8 33.Bf2 Nbc6 34.Rd2 Be7 35.Be3 Kd7 36.Ng3 Qa6
37.Ne2 Nb5 38.Rd3 Rh7 39.Ra1 Ra8 40.f4 Rah8 41.Ng1 Rh4 42.Nf3 R4h7 43.Bf2 Rh6
44.Kg1 Rh5  1/2-1/2

[Event "ch-TUR"]
[Site "Ankara TUR"]
[Date "2008.04.01"]
[Round "10"]
[White "Atalik,S"]
[Black "Secer,A"]
[Result "1-0"]
[WhiteElo "2597"]
[BlackElo "2308"]

1.c4 c6 2.e4 d5 3.exd5 cxd5 4.cxd5 Nf6 5.Nc3 Nxd5 6.Bb5+ Nc6 7.Nf3 Nxc3 8.bxc3 e6
9.O-O Bd6 10.d4 O-O 11.Re1 Qc7 12.Qd3 h6 13.Ba4 Bd7 14.Bc2 f5 15.Bb3 Rae8
16.c4 b6 17.Bb2 Kh7 18.c5 Bf4 19.g3 e5 20.dxe5 Nxe5 21.Nxe5 Bxe5 22.cxb6 axb6
23.Rac1 Bxb2 24.Rxc7 Rxe1+ 25.Kg2 Be6 26.Qd2 Bxb3 27.axb3 Rb1 28.Qd6 Rf6
29.Qd7 Rf8 30.Rc8 Rf6 31.Rc6 Rd1 32.Qxd1 Rxc6 33.Qb1 Ba3 34.Qxf5+ Kh8 35.b4 Rf6
36.Qc8+ Kh7 37.Qc2+ Kh8 38.Qc3  1-0

[Event "Sozina Open"]
[Site "Bar MNE"]
[Date "2008.04.03"]
[Round "7"]
[White "Milanovic,Sla"]
[Black "Rusev,K"]
[Result "0-1"]
[WhiteElo "2329"]
[BlackElo "2521"]

1.c4 c6 2.Nf3 d5 3.b3 dxc4 4.bxc4 e5 5.d3 Bg4 6.Nbd2 Nd7 7.g3 Bxf3 8.Nxf3 Ngf6
9.Bg2 Bb4+ 10.Bd2 Bxd2+ 11.Nxd2 O-O 12.O-O Qc7 13.Qc2 Rfe8 14.Rab1 Nc5 15.Nb3 Ne6
16.e3 Rad8 17.Rfd1 h5 18.d4 Re7 19.Rd2 h4 20.Qf5 exd4 21.exd4 Ne8 22.d5 Nd6
23.Qg4 cxd5 24.cxd5 Nc5 25.Rc2 Qd7 26.Qxh4 Nxb3 27.axb3 Rde8 28.Rcc1 Qf5
29.Qb4 Re2 30.Rf1 Qf6 31.Rbe1 a6 32.Rxe2 Rxe2 33.Qc5 g6 34.Rd1 Qe5 35.Bf3 Rb2
36.b4 Qf6 37.Bg2 Ra2 38.h4 Kg7 39.Bh1 Ra3 40.Bg2 b5 41.Qb6 Qe5 42.Rc1 Nc4
43.Qc5 Rd3 44.Qa7 Rd2  0-1

[Event "IX Dos Hermanas Internet"]
[Site "ICC INT"]
[Date "2008.04.04"]
[Round "1.2"]
[White "Kovalyov,A"]
[Black "Sammour Hasbun,J"]
[Result "1/2-1/2"]
[WhiteElo "2525"]
[BlackElo "2463"]

1.c4 c6 2.Nc3 d5 3.d4 Nf6 4.e3 e6 5.Qc2 Nbd7 6.Nf3 Be7 7.b3 O-O 8.Be2 b6
9.O-O Bb7 10.Bb2 Rc8 11.Rac1 Qc7 12.Qb1 Qb8 13.Rfd1 Rfd8 14.Bd3 h6 15.e4 dxe4
16.Nxe4 c5 17.dxc5 Nxe4 18.Bxe4 Bxc5 19.Bxb7 Qxb7 20.Qd3 Qc7 21.Qe2 Qf4 22.Rc2 Nf6
23.Be5 Qe4 24.Rxd8+ Rxd8 25.Qxe4 Nxe4 26.Kf1 Rd1+ 27.Ke2 Rh1 28.Bg3 f6 29.Kd3 Ng5
30.Nxg5 hxg5 31.Re2 Kf7 32.f3 e5 33.h3 Ra1 34.Bf2 Bxf2 35.Rxf2 Ke6 36.Kc3 f5
37.Re2 Rc1+ 38.Kb2 Rg1 39.b4 Rd1 40.Kc3 Rc1+ 41.Kb3 g6 42.a3 Kd6 43.Rd2+ Ke6
44.Rc2 Rb1+ 45.Ka4 Rd1 46.c5 bxc5 47.bxc5 Kd7 48.Kb5 Kc7 49.Ka6 Rd3 50.a4 Kc6
51.Kxa7 Ra3 52.Rc4 Ra2 53.g4 e4 54.fxe4 f4 55.e5 f3 56.Rc1 Rxa4+ 57.Kb8 Rf4
58.e6 f2 59.e7 Re4 60.Rf1 Re2 61.Rxf2 Rxe7 62.Rf6+ Kxc5 63.Rxg6 Re5 64.h4 gxh4
65.Rh6 Re8+ 66.Kc7 Kd4  1/2-1/2

[Event "TCh-RUS Major League"]
[Site "Dagomys RUS"]
[Date "2008.04.06"]
[Round "4"]
[White "Kuzovkin,A"]
[Black "Slugin,S"]
[Result "0-1"]
[WhiteElo "2367"]
[BlackElo "2425"]

1.c4 c6 2.d4 d5 3.cxd5 cxd5 4.Bf4 Nc6 5.e3 Nf6 6.Nc3 a6 7.Bd3 Bg4 8.Nge2 e6
9.Bg3 Bh5 10.Rc1 Be7 11.Qb3 Na5 12.Qa4+ Nc6 13.f3 Bg6 14.Nf4 Bxd3 15.Nxd3 Nd7
16.O-O O-O 17.Qd1 Qa5 18.Na4 Rfc8 19.a3 Qd8 20.Be1 Bd6 21.f4 b5 22.Nac5 Nxc5
23.dxc5 Be7 24.b4 Bf6 25.Qb3 a5 26.Bc3 axb4 27.axb4 Bxc3 28.Qxc3 Ra4 29.f5 d4
30.Qb3 e5 31.e4 Rca8 32.Qd5 Qf6 33.Rb1 h5 34.h3 h4 35.Rf2 Ra3 36.Rf3 Rd8
37.Nxe5 Rxd5 38.Ng4 Qd8  0-1

[Event "10th Open"]
[Site "Dubai UAE"]
[Date "2008.04.08"]
[Round "3"]
[White "Rice,C"]
[Black "Bajarani,I"]
[Result "0-1"]
[WhiteElo "2108"]
[BlackElo "2345"]

1.c4 c6 2.g3 d5 3.Bg2 Nf6 4.Nf3 dxc4 5.Qc2 b5 6.b3 cxb3 7.axb3 Bb7 8.Ba3 a5
9.d4 b4 10.Bb2 e6 11.Nbd2 Nbd7 12.e4 c5 13.d5 exd5 14.e5 Ng8 15.O-O Ra6 16.Rfe1 Re6
17.Bh3 Nh6 18.Bxe6 fxe6 19.h4 Be7 20.Ng5 Bxg5 21.hxg5 Nf5 22.Qd3 c4 23.bxc4 Nc5
24.Qe2 O-O 25.g4 d4 26.gxf5 Qxg5+  0-1

[Event "Gausdal Classics GMB"]
[Site "Gausdal NOR"]
[Date "2008.04.08"]
[Round "1"]
[White "Andreasen,P"]
[Black "Saltaev,M"]
[Result "1/2-1/2"]
[WhiteElo "2242"]
[BlackElo "2500"]

1.c4 c6 2.Nf3 d5 3.cxd5 cxd5 4.d4 Nc6 5.Nc3 Nf6 6.Bf4 a6 7.Rc1 e6 8.e3 Bd6
9.Bxd6 Qxd6 10.Bd3 O-O 11.O-O h6 12.e4 dxe4 13.Nxe4 Nxe4 14.Bxe4 Bd7 15.d5 exd5
16.Qxd5 Qxd5 17.Bxd5 Rac8 18.h3 Rfd8 19.Rfd1 Kf8 20.Rd2 Nb4 21.Rcd1 Nxd5
22.Rxd5 Ke7 23.a3 Be6 24.Rxd8 Rxd8 25.Rxd8 Kxd8 26.Kf1 Bc4+ 27.Ke1 Ke7 28.Nd4 g6
29.Nc2 Kd6 30.Kd2 Ke5 31.Ne3 Be6 32.Kd3 g5 33.Nc4+ Kf4 34.Kd4 h5 35.Ne5 h4
36.Nd3+ Kf5 37.g4+ Kf6 38.Ke4  1/2-1/2

[Event "Gausdal Classics GMB"]
[Site "Gausdal NOR"]
[Date "2008.04.08"]
[Round "1"]
[White "Kveinys,A"]
[Black "Tolhuizen,L"]
[Result "1-0"]
[WhiteElo "2515"]
[BlackElo "2248"]

1.c4 c6 2.Nf3 Nf6 3.Nc3 d5 4.e3 e6 5.Qc2 a6 6.b3 c5 7.Bb2 Nc6 8.cxd5 exd5
9.a3 Bg4 10.Na4 Na5 11.Nxc5 Bxc5 12.b4 Be7 13.bxa5 Qxa5 14.Bd3 O-O 15.Bc3 Qc7
16.Qb2 Rac8 17.O-O Bxf3 18.gxf3 Qd7 19.Kg2 Rc6 20.Rg1 Ne8 21.Kf1 Bf6 22.Bd4 Bxd4
23.Qxd4 Nf6 24.Ke2 Qe7 25.a4 Rfc8 26.Rab1 Qc7 27.h4 Re8 28.Rg5 Ree6 29.h5 h6
30.Rf5 Rb6 31.Rg1 Qe7 32.Rxd5 Rbd6 33.Rxd6 Rxd6 34.Qc3 Nxh5 35.Be4 b5 36.Qc8+ Rd8
37.Qxa6 Qb4 38.Bd3 bxa4 39.Rg4 Qe7 40.Re4 Qc7 41.Qxa4 Nf6 42.Rc4 Qe5 43.Qc2 g5
44.f4 Qe6 45.Bf5 Qa6 46.fxg5 hxg5 47.Kf3 Qa1 48.Kg2 Qa5 49.d4 Kg7 50.Rc5 Qa8+
51.f3 Nd5 52.Qb3 Nf6 53.Bc2 g4 54.Rf5 gxf3+ 55.Rxf3 Rd5 56.Qb6 Rg5+ 57.Kf2 Ng4+
58.Ke2 Qe8 59.Kd2 Qe7 60.Qb8 Nf6 61.Rg3 Rxg3 62.Qxg3+ Kf8 63.Qf4 Qb4+ 64.Ke2 Nd5
65.Qh6+  1-0

[Event "TCh-RUS Major League"]
[Site "Dagomys RUS"]
[Date "2008.04.09"]
[Round "7"]
[White "Pogromsky,M"]
[Black "Sergienko,S"]
[Result "1/2-1/2"]
[WhiteElo "2399"]
[BlackElo "2446"]

1.c4 c6 2.e4 d5 3.exd5 cxd5 4.cxd5 Nf6 5.Qa4+ Nbd7 6.Nc3 g6 7.Nge2 Bg7 8.Nf4 O-O
9.Be2 a6 10.O-O b5 11.Qb4 Ne8 12.d4 Nd6 13.Be3 Bb7 14.Qb3 Qb6 15.Rfd1 Nf5
16.Bg4 Nxe3 17.fxe3 Nf6 18.Bf3 Rad8 19.Nd3 Bc8 20.a4 Ng4 21.Bxg4 Bxg4 22.Re1 e6
23.axb5 axb5 24.Nf2 h5 25.h3 Bf5 26.g4 hxg4 27.hxg4 b4 28.gxf5 exf5 29.Ra4 Rfe8
30.Rxb4 Qf6 31.Kf1 Qg5 32.Ncd1 Qh5 33.Rb7 g5 34.Kg2 f4 35.Rh1 Qg6 36.Rb6 Qf5
37.e4 Rxe4 38.Nxe4 Qxe4+ 39.Qf3 Qxd4 40.Rb3 f5 41.Rd3 g4 42.Rxd4 gxf3+ 43.Kxf3 Bxd4
44.Kxf4 Rxd5 45.Nc3 Rc5 46.Rd1 Bxc3  1/2-1/2

[Event "82nd ch-ARG s/f"]
[Site "Buenos Aires ARG"]
[Date "2008.04.11"]
[Round "1"]
[White "Flores,Di"]
[Black "Herrera,Mart"]
[Result "1-0"]
[WhiteElo "2548"]
[BlackElo "2194"]

1.c4 c6 2.Nf3 Nf6 3.Nc3 d5 4.e3 e6 5.b3 Be7 6.Bb2 a6 7.Qc2 b5 8.g4 h6 9.Rg1 Nfd7
10.h4 bxc4 11.bxc4 Bb7 12.g5 hxg5 13.hxg5 Nf8 14.Rb1 Ra7 15.Na4 Nbd7 16.cxd5 exd5
17.Bxg7 Rg8 18.Bd4 c5 19.Nxc5 Qc7 20.Rc1 Nxc5 21.Bxc5 Bxc5 22.Qxc5 Qxc5 23.Rxc5 Ne6
24.Rc3 Ke7 25.d4 Bc8 26.Bd3 Rb7 27.Rb3 Rc7 28.Kd2 Bd7 29.g6 fxg6 30.Rxg6 Rf8
31.Ke2 Bb5 32.Bxb5 axb5 33.Rxb5 Rc2+ 34.Nd2 Ra8 35.Rb7+ Nc7 36.Rg7+ Kd6 37.Rb6+  1-0

[Event "TCh-FRA Top 16 Gp A"]
[Site "Noyon FRA"]
[Date "2008.04.12"]
[Round "6"]
[White "Conquest,S"]
[Black "Goldsztejn,G"]
[Result "1-0"]
[WhiteElo "2539"]
[BlackElo "2380"]

1.c4 c6 2.Nf3 Nf6 3.d4 d5 4.e3 a6 5.Bd2 g6 6.Nc3 Bg7 7.Bd3 O-O 8.Rc1 Bg4
9.O-O Nbd7 10.cxd5 cxd5 11.h3 Bxf3 12.Qxf3 Nb8 13.Qd1 Nc6 14.Qb3 Qd6 15.f4 b5
16.Ne2 Rfc8 17.a4 b4 18.Rc5 e6 19.Rfc1 Nd7 20.R5c2 a5 21.e4 Ne7 22.e5 Qb6
23.Bb5 Qa7 24.Be1 Rxc2 25.Rxc2 Nb6 26.Bh4 Bf8 27.Qd3 Rc8 28.Rxc8 Nbxc8 29.Qc2 Qb7
30.g4 Na7 31.Bd3 Nec6 32.b3 Qb6 33.Bf2 Qd8 34.Kh2 Bh6 35.Bg3 Bf8 36.Qc1 Qb6
37.Bf2 Bh6 38.Kg2 Bg7 39.f5 Qd8 40.f6 Bf8 41.h4 Qc8 42.h5 Qe8 43.Qg5 Nd8
44.Bb1 Nac6 45.Nf4 Qd7 46.hxg6 fxg6 47.Nxg6 hxg6 48.Qxg6+ Bg7 49.Be3 Qf7
50.Qh7+ Kf8 51.fxg7+ Qxg7 52.Bh6  1-0

[Event "4th Open"]
[Site "Rhone FRA"]
[Date "2008.04.12"]
[Round "1"]
[White "Colas,Y"]
[Black "Benitah,Y"]
[Result "0-1"]
[WhiteElo "1813"]
[BlackElo "2425"]

1.c4 c6 2.e3 d5 3.d4 Nf6 4.Nc3 e6 5.a3 Nbd7 6.Nf3 Bd6 7.b4 dxc4 8.Bxc4 b5
9.Bd3 a5 10.Ne4 Nxe4 11.Bxe4 Bb7 12.Bd2 Nf6 13.Bd3 axb4 14.axb4 Rxa1 15.Qxa1 Qe7
16.O-O O-O 17.Qb1 h6 18.e4 e5 19.dxe5 Bxe5 20.Nxe5 Qxe5 21.Be3 Ng4 22.f4 Qh5
23.Rf3 Qxh2+ 24.Kf1 Qh1+ 25.Bg1 Nh2+ 26.Kf2 Nxf3 27.gxf3 Rd8 28.Ke3 Rxd3+
29.Kxd3 Qxf3+ 30.Be3 c5 31.Qg1 Qxe4+ 32.Ke2 cxb4  0-1

[Event "10th Open"]
[Site "Dubai UAE"]
[Date "2008.04.13"]
[Round "8"]
[White "Ibrayev,N"]
[Black "Kotanjian,T"]
[Result "1-0"]
[WhiteElo "2507"]
[BlackElo "2570"]

1.c4 c6 2.e4 d5 3.cxd5 cxd5 4.exd5 Nf6 5.Qa4+ Nbd7 6.Nc3 g6 7.Nf3 Bg7 8.Bc4 O-O
9.d3 a6 10.Qa3 Ng4 11.O-O Nde5 12.Nxe5 Bxe5 13.h3 Bh2+ 14.Kh1 Bd6 15.Qa4 Nf6
16.Qd1 b5 17.Bb3 Bb7 18.Bh6 Re8 19.Ne4 Rc8 20.Re1 a5 21.a4 Bb4 22.Bd2 Nxd5
23.axb5 Qd7 24.Bc4 Qf5 25.Bxb4 Nxb4 26.b3 Red8 27.Qe2 Ra8 28.Kg1 Rd7 29.Rad1 Rad8
30.Ng3 Qf4 31.Qe3 Qc7 32.Rd2 Nd5 33.Qh6 Qf4 34.Qxf4 Nxf4 35.f3 Nxd3 36.Rxd3 Rxd3
37.Bxd3 Rxd3 38.Rxe7 Bd5 39.Rd7  1-0

[Event "4th Open"]
[Site "Rhone FRA"]
[Date "2008.04.15"]
[Round "5"]
[White "Horvath,Jo1"]
[Black "Fargere,Fr"]
[Result "1-0"]
[WhiteElo "2542"]
[BlackElo "2367"]

1.c4 c6 2.d4 d5 3.Nf3 Nf6 4.Qb3 dxc4 5.Qxc4 Bf5 6.g3 e6 7.Bg2 Nbd7 8.O-O Be7
9.Rd1 O-O 10.e3 Ne4 11.Qe2 Qb6 12.Nbd2 a5 13.Nxe4 Bxe4 14.Ne5 Nxe5 15.Bxe4 Nd7
16.Bg2 Bf6 17.Bd2 Rfd8 18.Bc3 Nf8 19.Rab1 Be7 20.a3 a4 21.e4 Nd7 22.d5 e5
23.Bh3 Bf6 24.Qc4 Nc5 25.d6 Nb3 26.d7 Nd4 27.Bb4 Nf3+ 28.Kg2 Ng5 29.Bg4 Qa6
30.Qxa6 Rxa6 31.f3 Ne6 32.Rd3 c5 33.Bxe6 cxb4 34.Bg4 Rb6 35.Rc1 bxa3 36.bxa3 Kf8
37.h4 Rb2+ 38.Kf1 g6 39.Rc8 h5 40.Bh3 Rb1+ 41.Ke2 Kg7 42.Rd6 Be7 43.Rd5 Rb2+
44.Kd1 f6 45.Ra5 Rb6 46.Rxa4 f5 47.Rxd8 Bxd8 48.exf5 gxf5 49.Bxf5 Kf6 50.g4 Rb3
51.Ra8 Ke7 52.Ke2 Rb2+ 53.Kd3 Rh2 54.gxh5 Rxh4 55.Bg4  1-0

[Event "Gausdal Classics GMA"]
[Site "Gausdal NOR"]
[Date "2008.04.16"]
[Round "9"]
[White "Moskow,E"]
[Black "Hole,O"]
[Result "0-1"]
[WhiteElo "2229"]
[BlackElo "2387"]

1.c4 c6 2.d4 d5 3.cxd5 cxd5 4.Bf4 Nf6 5.Nc3 Nc6 6.e3 e6 7.Bd3 Bd6 8.Bxd6 Qxd6
9.f4 a6 10.Nf3 b5 11.O-O O-O 12.Ne5 Nd7 13.Rc1 Bb7 14.Qh5 f5 15.Nxd7 Qxd7
16.g4 g6 17.Qg5 Rac8 18.Ne2 Qg7 19.Qh4 Ne7 20.g5 Rxc1 21.Nxc1 Nc8 22.Nb3 Nd6
23.Nc5 Qe7 24.b3 a5 25.Qe1 Ra8 26.Qe2 Bc6 27.Rc1 Be8 28.Kg2 Ra7 29.Qd2 h5
30.Rb1 Kf7 31.Kh3 Qc7 32.Rc1 Qb6 33.Qb2 Rc7 34.Rc2 Ke7 35.Qc1 Rc8 36.Qa3 Rc7
37.Qc1 Rc8 38.Kh4 Rc7 39.Qa3 Rc6 40.Qc1 Rc7 41.Rc3 Rc6 42.a4 Rc7 43.Be2 bxa4
44.bxa4 Qb4 45.Qc2 Nb7 46.Ne4 Rxc3 47.Nxc3 Nd6 48.Kh3 Kd8 49.Ba6 Bd7 50.Kg2 Ne4
51.Nb5 Qc4 52.Qxc4 dxc4 53.Na3 c3 54.Bb5 Bxb5 55.axb5 Nd6 56.Kf3 Nxb5 57.Nc2 a4
58.Ke2 a3 59.Kd3 a2 60.Na1 Kd7 61.Kc2 Kd6 62.Kb3 Kd5 63.Kb4 Nd6 64.Kxc3 Ke4
65.Nc2 a1=Q+ 66.Nxa1 Kxe3 67.Nb3 Kxf4 68.Nc5 Ke3 69.Nxe6 f4 70.Nc7 Ke4 71.Kd2 Kxd4
72.Ke2 Ke4 73.Kf2 Nf7 74.h4 Ne5 75.Kg2 Nd3 76.Ne6 Ke3 77.Kf1 Kf3 78.Nd4+ Kg4
79.Ke2 Ne5 80.Ne6 f3+ 81.Kf2 Kxh4 82.Ke3 Kg4 83.Nd4  0-1

[Event "Mediana"]
[Site "Nis SRB"]
[Date "2008.04.16"]
[Round "6"]
[White "Grunberg,M"]
[Black "Bogosavljevic,B"]
[Result "1/2-1/2"]
[WhiteElo "2422"]
[BlackElo "2492"]

1.c4 c6 2.e4 d5 3.cxd5 cxd5 4.exd5 Nf6 5.Qa4+ Nbd7 6.Nc3 g6 7.Bc4 Bg7 8.Nf3 O-O
9.d3 a6 10.Qa3 Nb6 11.Qb3 Bg4 12.Ne5 Bf5 13.O-O Qc7 14.Re1 Nh5 15.Nf3 Rac8
16.Bg5 Rfe8 17.Ne4 h6 18.Bd2 Nxc4 19.dxc4 e6 20.Rac1 Qd7 21.Nc3 Bd3 22.Na4 exd5
23.cxd5 Rxe1+ 24.Nxe1 Rxc1 25.Bxc1 Bb5 26.Nc3 Bxc3 27.bxc3 Qg4 28.f3 Qh4
29.g3 Qe7 30.Qd1 Nf6 31.d6 Qe6 32.Ng2 g5 33.Ne3 Bc6 34.g4 Qxa2 35.c4 Nd7
36.Qd4 Qb1 37.Qc3 f6 38.Kg2 Ne5 39.Kg3 Kf7 40.c5 Qb5 41.Qc2 Qd3 42.Qxd3 Nxd3
43.Ba3 Nf4 44.Nf5 h5 45.h4 Ne2+ 46.Kf2 Nf4 47.Kg3 Bd7 48.Nd4 hxg4 49.fxg4 Ng6
50.hxg5 fxg5 51.Nf3 Kf6 52.Bb2+ Ke6 53.Nxg5+ Kd5 54.Ba3 Ne5 55.Nh7 Nxg4 56.Nf8 Nf6
57.Kf4 Bc6 58.Kf5 Nd7 59.Nxd7 Bxd7+ 60.Kf6 Kc6 61.Bb4 b6  1/2-1/2

[Event "Mediana"]
[Site "Nis SRB"]
[Date "2008.04.16"]
[Round "6"]
[White "Jovic,Sta"]
[Black "Miljkovic,Mir1"]
[Result "1/2-1/2"]
[WhiteElo "2283"]
[BlackElo "2418"]

1.c4 c6 2.Nf3 Nf6 3.g3 d5 4.cxd5 cxd5 5.Bg2 g6 6.O-O Bg7 7.d4 O-O 8.Nc3 Nc6
9.Ne5 e6 10.Nxc6 bxc6 11.b3  1/2-1/2

[Event "4th Open"]
[Site "Rhone FRA"]
[Date "2008.04.18"]
[Round "9"]
[White "Horvath,Jo1"]
[Black "Benitah,Y"]
[Result "1/2-1/2"]
[WhiteElo "2542"]
[BlackElo "2425"]

1.c4 c6 2.e4 e5 3.Nf3 d6 4.d4 Bg4 5.d5 Nd7 6.Nc3 Be7 7.Be2 Ngf6 8.Be3 O-O
9.O-O c5 10.Ne1 Bxe2 11.Qxe2 Ne8 12.f3 Bg5 13.Bf2 g6 14.Nd3 Ng7 15.a3 f5
16.b4 b6 17.a4 a5 18.bxc5 bxc5 19.Rab1 Nb8 20.f4 fxe4 21.Nxc5 e3 22.Bxe3 exf4
23.Nb7 Qd7 24.Ne4 Qe7 25.Nbxd6 fxe3 26.Rxf8+ Qxf8 27.Rf1 Qe7 28.Qg4 e2  1/2-1/2

[Event "IX EICC w"]
[Site "Plovdiv BUL"]
[Date "2008.04.21"]
[Round "1"]
[White "Majdan,J"]
[Black "Coimbra,M"]
[Result "1-0"]
[WhiteElo "2338"]
[BlackElo "2120"]

1.c4 c6 2.Nf3 d5 3.e3 Nf6 4.Qc2 e6 5.b3 Nbd7 6.Bb2 Bd6 7.Nc3 O-O 8.Be2 Qe7
9.Rg1 e5 10.cxd5 Nxd5 11.Ne4 Ba3 12.g4 Bxb2 13.Qxb2 Re8 14.g5 b6 15.Rc1 c5
16.h4 Bb7 17.Qb1 Nf8 18.h5 f5 19.gxf6 Nxf6 20.Ng3 Qd7 21.Qb2 e4 22.Nh4 Kf7
23.Ngf5 Ne6 24.Qe5 Rad8 25.Rxg7+  1-0

[Event "IX EICC"]
[Site "Plovdiv BUL"]
[Date "2008.04.22"]
[Round "2"]
[White "Heberla,B"]
[Black "Van Beek,Al"]
[Result "1-0"]
[WhiteElo "2509"]
[BlackElo "2343"]

1.c4 c6 2.Nf3 d5 3.e3 Nf6 4.Nc3 e6 5.b3 Nbd7 6.Bb2 Bd6 7.Qc2 O-O 8.h3 Qe7
9.g4 Ne5 10.Nxe5 Bxe5 11.g5 Nd7 12.f4 Bd6 13.h4 Ba3 14.Bxa3 Qxa3 15.Bd3 f5
16.cxd5 cxd5 17.Nb5 Qe7 18.Qc7 Rf7 19.Rc1 Nb6 20.Qe5 Nd7 21.Qd4 b6 22.b4 Rf8
23.Nc7 Rb8 24.Rc6 Nc5 25.bxc5 Bb7 26.Rxe6 Qxc7 27.c6 Bxc6 28.Ke2 Rbe8 29.Rxe8 Bxe8
30.h5 Qc5 31.Qxc5 bxc5 32.h6 Bc6 33.hxg7 Kxg7 34.Rh6 Bb7 35.Rd6 Rf7 36.Bb5 Rc7
37.Bd7 Ba6+ 38.Ke1 Bc4 39.a3 Bd3 40.Rxd5 Be4 41.Rd6 c4 42.Ba4 c3 43.d3 Bf3
44.Rd7+ Rxd7 45.Bxd7 Kg6 46.Be6 Bc6 47.Kd1 Ba4+ 48.Kc1  1-0

[Event "IX EICC"]
[Site "Plovdiv BUL"]
[Date "2008.04.22"]
[Round "2"]
[White "Rasmussen,Kar"]
[Black "Ramesa,D"]
[Result "1-0"]
[WhiteElo "2486"]
[BlackElo "2321"]

1.c4 c6 2.d4 d5 3.Bf4 dxc4 4.Nc3 b5 5.a4 b4 6.Na2 Na6 7.e3 b3 8.Qf3 Qd5 9.Nc3 Qxf3
10.Nxf3 Nb4 11.O-O-O Na2+ 12.Kd2 Nxc3 13.Kxc3 Nf6 14.Kxc4 Be6+ 15.Kd3 Bf5+
16.Ke2 e6 17.Ne5 Nd5 18.Bg3 Bc2 19.Ra1 Bb4 20.Nd3 Be7 21.Kd2 O-O 22.Be2 Rfd8
23.Bd1 Nb4 24.Bxc2 Nxc2 25.Rac1 Rac8 26.Kc3 a5 27.Kxb3 Nb4 28.Nxb4 Bxb4 29.Rhd1 Bd6
30.Bxd6 Rxd6 31.Rc5 Ra8 32.Ka3 Kf8 33.Rb1 Ra6 34.b4 axb4+ 35.Rxb4 Rd7 36.a5 Rda7
37.Rb8+ Ke7 38.Kb4 Kd6 39.Rb6 Rxb6+ 40.axb6 Ra6 41.Kc3 Rxb6 42.Ra5 Rb7 43.g4 f6
44.f4 Rc7 45.e4 e5 46.dxe5+ fxe5 47.f5 Rb7 48.g5 h6 49.g6 Rd7 50.Ra8 Ke7
51.Rg8 Kf6 52.h4 Ra7 53.h5 Ra3+ 54.Kb2 Ra7 55.Re8 Ra5  1-0

[Event "II Open"]
[Site "La Laguna ESP"]
[Date "2008.04.23"]
[Round "3"]
[White "Rivas Pastor,M"]
[Black "Natalicchio Escalante,N"]
[Result "1-0"]
[WhiteElo "2498"]
[BlackElo "2244"]

1.c4 c6 2.Nf3 Nf6 3.b3 d5 4.Bb2 e6 5.g3 Nbd7 6.Bg2 Bd6 7.O-O e5 8.cxd5 cxd5
9.Qc1 Qe7 10.Ba3 a6 11.Bxd6 Qxd6 12.Qa3 Qxa3 13.Nxa3 b5 14.Rfc1 Bb7 15.Rc7 Rb8
16.Rac1 Kd8 17.d4 Ne8 18.R7c2 e4 19.Ne5 Nxe5 20.dxe5 f6 21.exf6 Nxf6 22.Bh3 Re8
23.Rc5 g5 24.Nc2 g4 25.Bf1 Rc8 26.Nd4 Rxc5 27.Rxc5 Kd7 28.b4 e3 29.f3 gxf3
30.exf3 Kd6 31.Nf5+ Kd7 32.Be2 Re5 33.Nd4 Re8 34.Rc3 Kd6 35.Nf5+ Ke5 36.Ng7 Rg8
37.Rxe3+ Kd6 38.Nf5+ Kc7 39.Re7+ Kb8 40.Rf7 Nh5 41.Kf2  1-0

[Event "IX EICC"]
[Site "Plovdiv BUL"]
[Date "2008.04.23"]
[Round "3"]
[White "Kostic,Neb"]
[Black "Fragakis,E"]
[Result "1-0"]
[WhiteElo "2334"]
[BlackElo "2133"]

1.c4 c6 2.Nc3 d5 3.cxd5 cxd5 4.d4 Nc6 5.Bf4 Nf6 6.e3 Bf5 7.Qb3 Qb6 8.Bb5 e6
9.a4 Kd8 10.Nf3 a6 11.O-O axb5 12.axb5 Na5 13.Qa4 Rc8 14.Qxa5 Qxa5 15.Rxa5 Nh5
16.Ne5 Nxf4 17.exf4 Ke8 18.g4 Bc2 19.Rc1 Bb3 20.Ra7 Rb8 21.Re1 Bd6 22.f5 Bxe5
23.Rxe5 Kd7 24.Ra3 Bc4 25.fxe6+ fxe6 26.Re3 Ra8 27.Na4 Rxa4 28.Rxa4 Bxb5
29.Rb4 Bc6 30.f3 Rf8 31.Kf2 h6 32.Kg3 g5 33.h4 Ke7 34.hxg5 hxg5 35.Re5 Kf6
36.Rb3 Rh8 37.Kg2 Rh7 38.Rb6 Rc7 39.b4 Bd7 40.Rxd5 Rc2+ 41.Kg3 Bc6 42.Rc5  1-0